[Event "FIDE World Cup 2025"]
[Site "Goa, India"]
[Date "2025.11.02"]
[Round "2.2"]
[White "Najer, Evgeniy"]
[Black "Rakotomaharo, Fy Antenaina"]
[Result "1-0"]
[TimeControl ": 90 minutes for the first 40 moves, followed by 30 minutes for the rest of the gamewith an increment of 30 seconds per move starting from move 1"]
[WhiteFideId "4118987"]
[BlackFideId "13100050"]
[WhiteElo "2613"]
[BlackElo "2435"]

1. e4 {[%clk 01:30:50]} {[%emt 00:00:08]} e5 {[%clk 01:30:48]} {[%emt
00:00:12]} 2. Nf3 {[%clk 01:31:15]} {[%emt 00:00:05]} Nf6 {[%clk 01:30:51]}
{[%emt 00:00:28]} 3. d4 {[%clk 01:30:35]} {[%emt 00:01:11]} Nxe4 {[%clk
01:31:10]} {[%emt 00:00:11]} 4. Bd3 {[%clk 01:29:17]} {[%emt 00:01:48]} d5
{[%clk 01:31:26]} {[%emt 00:00:14]} 5. Nxe5 {[%clk 01:29:42]} {[%emt 00:00:05]}
Nd7 {[%clk 01:31:43]} {[%emt 00:00:12]} 6. O-O {[%clk 01:30:03]} {[%emt
00:00:09]} Nxe5 {[%clk 01:09:43]} {[%emt 00:22:30]} 7. dxe5 {[%clk 01:30:27]}
{[%emt 00:00:06]} Be6 {[%clk 01:08:36]} {[%emt 00:01:37]} 8. Nc3 {[%clk
01:05:02]} {[%emt 00:25:55]} Nxc3 {[%clk 00:53:04]} {[%emt 00:16:01]} 9. bxc3
{[%clk 01:05:28]} {[%emt 00:00:04]} Bc5 {[%clk 00:53:23]} {[%emt 00:00:11]} 10.
Kh1 {[%clk 01:04:43]} {[%emt 00:01:14]} Qd7 {[%clk 00:47:29]} {[%emt 00:06:24]}
11. Rb1 {[%clk 00:58:58]} {[%emt 00:06:16]} O-O-O {[%clk 00:43:16]} {[%emt
00:04:42]} 12. Bg5 {[%clk 00:54:00]} {[%emt 00:05:28]} Rde8 {[%clk 00:42:16]}
{[%emt 00:01:30]} 13. Qd2 {[%clk 00:54:16]} {[%emt 00:00:14]} Bb6 {[%clk
00:39:21]} {[%emt 00:03:25]} 14. Be3 {[%clk 00:39:16]} {[%emt 00:15:30]} Bf5
{[%clk 00:36:15]} {[%emt 00:03:36]} 15. Bxb6 {[%clk 00:39:16]} {[%emt
00:00:31]} axb6 {[%clk 00:36:40]} {[%emt 00:00:04]} 16. Qf4 {[%clk 00:39:31]}
{[%emt 00:00:14]} Bxd3 {[%clk 00:24:59]} {[%emt 00:12:12]} 17. cxd3 {[%clk
00:39:55]} {[%emt 00:00:07]} f6 {[%clk 00:25:23]} {[%emt 00:00:05]} 18. d4
{[%clk 00:38:01]} {[%emt 00:02:24]} Rhf8 {[%clk 00:25:13]} {[%emt 00:00:40]} 19.
Qe3 {[%clk 00:28:11]} {[%emt 00:10:20]} fxe5 {[%clk 00:16:00]} {[%emt
00:09:42]} 20. dxe5 {[%clk 00:28:37]} {[%emt 00:00:04]} Rf5 {[%clk 00:15:54]}
{[%emt 00:00:35]} 21. f4 {[%clk 00:28:45]} {[%emt 00:00:23]} g5 {[%clk
00:16:14]} {[%emt 00:00:10]} 22. Rbe1 {[%clk 00:24:40]} {[%emt 00:04:35]} gxf4
{[%clk 00:11:37]} {[%emt 00:05:06]} 23. Rxf4 {[%clk 00:25:02]} {[%emt
00:00:08]} Rxf4 {[%clk 00:12:04]} {[%emt 00:00:03]} 24. Qxf4 {[%clk 00:25:29]}
{[%emt 00:00:04]} Qe6 {[%clk 00:10:49]} {[%emt 00:01:45]} 25. h3 {[%clk
00:25:34]} {[%emt 00:00:25]} Re7 {[%clk 00:10:58]} {[%emt 00:00:20]} 26. Qg5
{[%clk 00:22:31]} {[%emt 00:03:33]} b5 {[%clk 00:09:18]} {[%emt 00:02:11]} 27.
Qh4 {[%clk 00:17:10]} {[%emt 00:05:50]} Kd7 {[%clk 00:05:34]} {[%emt 00:04:15]}
28. Qd4 {[%clk 00:12:50]} {[%emt 00:04:50]} Kc8 {[%clk 00:02:58]} {[%emt
00:03:06]} 29. Qb4 {[%clk 00:10:53]} {[%emt 00:02:27]} c6 {[%clk 00:02:51]}
{[%emt 00:00:37]} 30. a4 {[%clk 00:10:18]} {[%emt 00:01:05]} bxa4 {[%clk
00:03:17]} {[%emt 00:00:05]} 31. Qxa4 {[%clk 00:10:46]} {[%emt 00:00:02]} Qf5
{[%clk 00:03:27]} {[%emt 00:00:18]} 32. Qa8+ {[%clk 00:07:45]} {[%emt
00:03:31]} Kc7 {[%clk 00:03:47]} {[%emt 00:00:11]} 33. Qa5+ {[%clk 00:08:13]}
{[%emt 00:00:02]} Kc8 {[%clk 00:03:51]} {[%emt 00:00:25]} 34. Qb6 {[%clk
00:08:21]} {[%emt 00:00:22]} Rxe5 {[%clk 00:01:16]} {[%emt 00:03:05]} 35. Ra1
{[%clk 00:08:45]} {[%emt 00:00:06]} Kd7 {[%clk 00:00:51]} {[%emt 00:00:56]} 36.
Qxb7+ {[%clk 00:09:02]} {[%emt 00:00:13]} Kd6 {[%clk 00:01:16]} {[%emt
00:00:04]} 37. Qb8+ {[%clk 00:07:58]} {[%emt 00:01:34]} Ke6 {[%clk 00:01:38]}
{[%emt 00:00:08]} 38. Qc7 {[%clk 00:03:54]} {[%emt 00:04:34]} Kf6 {[%clk
00:01:59]} {[%emt 00:00:10]} 39. Qxc6+ {[%clk 00:04:10]} {[%emt 00:00:14]} Qe6
{[%clk 00:00:37]} {[%emt 00:01:51]} 40. Rf1+ {[%clk 00:04:24]} {[%emt
00:00:15]} Rf5 {[%clk 00:00:49]} {[%emt 00:00:18]} 41. Rxf5+ {[%clk 00:03:32]}
Kxf5 {[%clk 00:01:16]} {[%emt 00:01:26]} 42. g4+ {[%clk 00:01:26]} {[%emt
00:02:36]} Kf6 {[%clk 00:29:19]} {[%emt 00:02:27]} 43. Qxe6+ {[%clk 00:28:48]}
{[%emt 00:03:08]} Kxe6 {[%clk 00:29:46]} {[%emt 00:00:03]} 44. Kg2 {[%clk
00:29:10]} {[%emt 00:00:08]} 1-0

[Event "FIDE World Cup 2025"]
[Site "Goa, India"]
[Date "2025.11.02"]
[Round "2.3"]
[White "Banh, Gia Huy"]
[Black "Dardha, Daniel"]
[Result "0-1"]
[TimeControl ": 90 minutes for the first 40 moves, followed by 30 minutes for the rest of the gamewith an increment of 30 seconds per move starting from move 1"]
[WhiteFideId "12424714"]
[BlackFideId "240990"]
[WhiteElo "2440"]
[BlackElo "2624"]

1. e4 {[%clk 01:30:49]} {[%emt 00:00:10]} c5 {[%clk 01:30:46]} {[%emt
00:00:14]} 2. Nf3 {[%clk 01:31:12]} {[%emt 00:00:06]} d6 {[%clk 01:31:09]}
{[%emt 00:00:08]} 3. Bb5+ {[%clk 01:30:56]} {[%emt 00:00:46]} Bd7 {[%clk
01:31:25]} {[%emt 00:00:14]} 4. c4 {[%clk 01:31:22]} {[%emt 00:00:04]} Nc6
{[%clk 01:29:24]} {[%emt 00:02:31]} 5. Nc3 {[%clk 01:31:29]} {[%emt 00:00:23]}
e5 {[%clk 01:28:04]} {[%emt 00:01:50]} 6. d3 {[%clk 01:31:38]} {[%emt
00:00:21]} Be7 {[%clk 01:27:57]} {[%emt 00:00:38]} 7. O-O {[%clk 01:27:45]}
{[%emt 00:04:23]} Nf6 {[%emt 00:01:56]} 8. Nh4 {[%clk 01:24:30]} {[%emt
00:03:38]} O-O {[%clk 01:14:47]} {[%emt 00:12:20]} 9. Bxc6 {[%clk 01:23:12]}
{[%emt 00:01:49]} bxc6 {[%clk 01:11:22]} {[%emt 00:03:55]} 10. Nf5 {[%clk
01:23:26]} {[%emt 00:00:15]} Bxf5 {[%clk 01:04:55]} {[%emt 00:06:58]} 11. exf5
{[%clk 01:23:34]} {[%emt 00:00:21]} Qd7 {[%clk 00:58:35]} {[%emt 00:06:51]} 12.
Qf3 {[%clk 01:09:51]} {[%emt 00:14:13]} g6 {[%clk 00:54:32]} {[%emt 00:04:33]}
13. g4 {[%clk 00:53:56]} {[%emt 00:16:22]} gxf5 {[%clk 00:50:04]} {[%emt
00:05:00]} 14. gxf5 {[%clk 00:54:22]} {[%emt 00:00:04]} Kh8 {[%clk 00:50:13]}
{[%emt 00:00:21]} 15. Kh1 {[%clk 00:54:02]} {[%emt 00:00:49]} Rg8 {[%clk
00:48:43]} {[%emt 00:02:00]} 16. Bh6 {[%clk 00:44:31]} {[%emt 00:10:01]} Ng4
{[%clk 00:34:09]} {[%emt 00:15:06]} 17. Be3 {[%clk 00:42:50]} {[%emt 00:02:09]}
e4 {[%clk 00:32:30]} {[%emt 00:02:11]} 18. Nxe4 {[%clk 00:33:54]} {[%emt
00:09:25]} Nxe3 {[%clk 00:28:30]} {[%emt 00:04:31]} 19. fxe3 {[%clk 00:34:16]}
{[%emt 00:00:08]} d5 {[%clk 00:28:39]} {[%emt 00:00:20]} 20. cxd5 {[%clk
00:32:30]} {[%emt 00:02:16]} cxd5 {[%clk 00:27:36]} {[%emt 00:01:34]} 21. Nc3
{[%clk 00:32:52]} {[%emt 00:00:07]} d4 {[%clk 00:25:41]} {[%emt 00:02:26]} 22.
exd4 {[%clk 00:28:24]} {[%emt 00:04:58]} Qxd4 {[%clk 00:26:05]} {[%emt
00:00:07]} 23. f6 {[%clk 00:26:14]} {[%emt 00:02:40]} Bd6 {[%clk 00:26:13]}
{[%emt 00:00:22]} 24. Ne4 {[%clk 00:23:30]} {[%emt 00:03:13]} Bc7 {[%clk
00:19:47]} {[%emt 00:06:56]} 25. Rac1 {[%clk 00:12:04]} {[%emt 00:11:55]} Qxb2
{[%clk 00:16:11]} {[%emt 00:04:07]} 26. Qf2 {[%clk 00:12:12]} {[%emt 00:00:20]}
Qxf2 {[%clk 00:11:47]} 27. Rxf2 {[%clk 00:12:33]} {[%emt 00:05:05]} Rad8 {[%clk
00:11:55]} {[%emt 00:00:22]} 28. Rf5 {[%clk 00:09:07]} {[%emt 00:03:55]} h6
{[%clk 00:08:40]} {[%emt 00:03:46]} 29. Rfxc5 {[%clk 00:07:31]} {[%emt
00:02:06]} Bf4 {[%clk 00:07:05]} {[%emt 00:02:05]} 30. Rd1 {[%clk 00:06:14]}
{[%emt 00:01:46]} Be3 {[%clk 00:06:06]} {[%emt 00:01:31]} 31. Rc3 {[%clk
00:05:14]} {[%emt 00:01:29]} Bb6 {[%clk 00:04:52]} {[%emt 00:01:45]} 32. h3
{[%clk 00:04:42]} {[%emt 00:01:00]} Rd5 {[%clk 00:05:04]} {[%emt 00:00:19]} 33.
Rf1 {[%clk 00:03:49]} {[%emt 00:01:21]} Kh7 {[%clk 00:04:10]} {[%emt 00:01:26]}
34. Rf3 {[%clk 00:03:07]} {[%emt 00:01:10]} Ra5 {[%clk 00:04:20]} {[%emt
00:00:22]} 35. Rc2 {[%clk 00:02:32]} {[%emt 00:01:02]} Rb5 {[%clk 00:03:54]}
{[%emt 00:00:58]} 36. Rg3 {[%clk 00:01:47]} {[%emt 00:01:14]} Rxg3 {[%clk
00:04:01]} {[%emt 00:00:25]} 37. Nxg3 {[%clk 00:02:08]} {[%emt 00:00:08]} Rb1+
{[%clk 00:03:37]} {[%emt 00:00:54]} 38. Kh2 {[%clk 00:01:43]} {[%emt 00:00:53]}
Rd1 {[%clk 00:03:25]} {[%emt 00:00:44]} 39. Ne4 {[%clk 00:00:38]} {[%emt
00:01:35]} Rxd3 {[%clk 00:02:07]} {[%emt 00:01:48]} 40. Rg2 {[%clk 00:00:58]}
{[%emt 00:00:10]} Bc7+ {[%clk 00:02:24]} {[%emt 00:00:14]} 41. Kg1 {[%clk
00:01:15]} {[%emt 00:00:10]} Bb6+ {[%clk 00:02:43]} {[%emt 00:00:13]} 42. Kh2
{[%clk 00:26:57]} {[%emt 00:04:47]} Bc7+ {[%clk 00:24:22]} {[%emt 00:08:52]} 43.
Kg1 {[%clk 00:27:19]} {[%emt 00:00:07]} Rd1+ {[%clk 00:22:23]} {[%emt
00:02:29]} 44. Kf2 {[%clk 00:26:58]} {[%emt 00:00:51]} Bb6+ {[%clk 00:22:40]}
{[%emt 00:00:13]} 45. Kf3 {[%clk 00:26:28]} {[%emt 00:00:58]} Rf1+ {[%clk
00:21:58]} {[%emt 00:01:14]} 46. Kg4 {[%clk 00:22:04]} {[%emt 00:04:54]} Bd4
{[%clk 00:21:16]} {[%emt 00:01:13]} 47. Re2 {[%clk 00:14:24]} {[%emt 00:08:08]}
Kg6 {[%clk 00:19:49]} {[%emt 00:01:59]} 48. Ng3 {[%clk 00:13:43]} {[%emt
00:01:10]} Rg1 {[%clk 00:19:59]} {[%emt 00:00:22]} 49. Kf3 {[%clk 00:13:33]}
{[%emt 00:00:39]} Bxf6 {[%clk 00:19:42]} {[%emt 00:00:48]} 50. Re4 {[%clk
00:13:34]} {[%emt 00:00:29]} Rd1 {[%clk 00:18:58]} {[%emt 00:01:14]} 51. Rg4+
{[%clk 00:13:10]} {[%emt 00:00:53]} Bg5 {[%clk 00:15:31]} {[%emt 00:03:58]} 52.
h4 {[%clk 00:12:41]} {[%emt 00:00:58]} f5 {[%clk 00:15:54]} {[%emt 00:00:08]}
53. Ra4 {[%clk 00:06:41]} {[%emt 00:06:30]} Rd3+ {[%clk 00:16:15]} {[%emt
00:00:09]} 54. Kg2 {[%clk 00:07:06]} {[%emt 00:00:05]} Be3 {[%clk 00:14:59]}
{[%emt 00:01:44]} 55. Ra5 {[%clk 00:04:05]} {[%emt 00:03:31]} Bb6 {[%clk
00:13:55]} {[%emt 00:01:36]} 56. Rb5 {[%clk 00:04:24]} {[%emt 00:00:11]} f4
{[%clk 00:12:12]} {[%emt 00:02:13]} 57. h5+ {[%clk 00:03:54]} {[%emt 00:00:59]}
Kh7 {[%clk 00:12:16]} {[%emt 00:00:26]} 58. Nf1 {[%clk 00:03:15]} {[%emt
00:01:09]} f3+ {[%clk 00:10:28]} {[%emt 00:02:19]} 59. Kh3 {[%clk 00:03:27]}
{[%emt 00:00:17]} Rd1 {[%clk 00:10:47]} {[%emt 00:00:12]} 60. Ng3 {[%clk
00:02:58]} {[%emt 00:00:56]} f2 {[%clk 00:10:34]} {[%emt 00:00:46]} 61. Rf5
{[%clk 00:03:25]} {[%emt 00:00:03]} Rg1 {[%clk 00:10:38]} {[%emt 00:00:26]} 62.
Rf3 {[%clk 00:01:42]} {[%emt 00:02:11]} Kg8 {[%clk 00:10:22]} {[%emt 00:00:48]}
63. Rc3 {[%clk 00:00:31]} {[%emt 00:01:41]} Bc7 {[%clk 00:09:14]} {[%emt
00:01:38]} 64. Rxc7 {[%clk 00:00:33]} {[%emt 00:00:29]} Rxg3+ {[%clk 00:09:39]}
{[%emt 00:00:04]} 65. Kh4 {[%clk 00:00:57]} {[%emt 00:00:05]} f1=Q {[%clk
00:09:52]} {[%emt 00:00:18]} 0-1

[Event "FIDE World Cup 2025"]
[Site "Goa, India"]
[Date "2025.11.02"]
[Round "2.4"]
[White "Henriquez Villagra, Cristobal"]
[Black "Agibileg, Uurtsaikh"]
[Result "1-0"]
[TimeControl ": 90 minutes for the first 40 moves, followed by 30 minutes for the rest of the gamewith an increment of 30 seconds per move starting from move 1"]
[WhiteFideId "3409350"]
[BlackFideId "4901606"]
[WhiteElo "2594"]
[BlackElo "2448"]

1. e4 {[%clk 01:30:58]} {[%emt 00:00:02]} e6 {[%clk 01:30:30]} {[%emt
00:00:30]} 2. d4 {[%clk 01:31:22]} {[%emt 00:00:06]} d5 {[%clk 01:30:49]}
{[%emt 00:00:11]} 3. e5 {[%clk 01:31:47]} {[%emt 00:00:05]} c5 {[%clk
01:31:05]} {[%emt 00:00:14]} 4. c3 {[%clk 01:32:13]} {[%emt 00:00:04]} Nc6
{[%clk 01:31:26]} {[%emt 00:00:09]} 5. Nf3 {[%clk 01:32:38]} {[%emt 00:00:05]}
Qb6 {[%clk 01:31:46]} {[%emt 00:00:11]} 6. g3 {[%clk 01:31:52]} {[%emt
00:01:16]} Nge7 {[%clk 01:28:15]} {[%emt 00:04:01]} 7. dxc5 {[%clk 01:29:56]}
{[%emt 00:02:26]} Qxc5 {[%clk 01:28:36]} {[%emt 00:00:09]} 8. b4 {[%clk
01:11:58]} {[%emt 00:18:28]} Qb6 {[%clk 01:28:11]} {[%emt 00:00:55]} 9. b5
{[%clk 01:09:59]} {[%emt 00:02:28]} Na5 {[%clk 01:26:17]} {[%emt 00:02:24]} 10.
Bd3 {[%clk 01:10:05]} {[%emt 00:00:23]} Bd7 {[%clk 01:20:34]} {[%emt 00:06:13]}
11. a4 {[%clk 01:07:10]} {[%emt 00:03:26]} a6 {[%clk 01:14:15]} {[%emt
00:06:49]} 12. O-O {[%clk 00:51:34]} {[%emt 00:16:06]} axb5 {[%clk 01:07:44]}
{[%emt 00:07:02]} 13. Be3 {[%clk 00:49:42]} {[%emt 00:02:22]} Qd8 {[%clk
01:05:42]} {[%emt 00:02:32]} 14. axb5 {[%clk 00:48:46]} {[%emt 00:01:26]} Nc4
{[%clk 01:05:52]} {[%emt 00:00:20]} 15. Rxa8 {[%clk 00:45:54]} {[%emt
00:03:21]} Qxa8 {[%clk 01:06:16]} {[%emt 00:00:07]} 16. Qe2 {[%clk 00:43:56]}
{[%emt 00:02:28]} Nxe3 {[%clk 01:01:58]} {[%emt 00:04:47]} 17. Qxe3 {[%clk
00:38:12]} {[%emt 00:06:14]} Nf5 {[%clk 01:00:36]} {[%emt 00:01:52]} 18. Qf4
{[%clk 00:31:56]} {[%emt 00:06:46]} Be7 {[%clk 00:51:13]} {[%emt 00:09:53]} 19.
Bxf5 {[%clk 00:30:27]} {[%emt 00:01:59]} exf5 {[%clk 00:51:34]} {[%emt
00:00:10]} 20. Nd4 {[%clk 00:30:53]} {[%emt 00:00:04]} Qc8 {[%clk 00:51:00]}
{[%emt 00:01:03]} 21. Qf3 {[%clk 00:30:23]} {[%emt 00:01:00]} Be6 {[%clk
00:51:10]} {[%emt 00:00:20]} 22. Nd2 {[%clk 00:30:20]} {[%emt 00:00:33]} O-O
{[%clk 00:51:17]} {[%emt 00:00:23]} 23. N2b3 {[%clk 00:30:01]} {[%emt
00:00:49]} Qc7 {[%clk 00:44:48]} {[%emt 00:06:58]} 24. Re1 {[%clk 00:28:40]}
{[%emt 00:01:51]} g6 {[%clk 00:44:05]} {[%emt 00:01:14]} 25. h4 {[%clk
00:28:22]} {[%emt 00:00:47]} Rc8 {[%clk 00:43:39]} {[%emt 00:00:56]} 26. Re3
{[%clk 00:28:42]} {[%emt 00:00:10]} Bf8 {[%clk 00:42:31]} {[%emt 00:01:39]} 27.
Qf4 {[%clk 00:25:39]} {[%emt 00:03:32]} Qd8 {[%clk 00:40:54]} {[%emt 00:02:07]}
28. h5 {[%clk 00:24:05]} {[%emt 00:02:04]} g5 {[%clk 00:39:36]} {[%emt
00:01:49]} 29. Qf3 {[%clk 00:24:26]} {[%emt 00:00:08]} Qd7 {[%clk 00:39:41]}
{[%emt 00:00:25]} 30. h6 {[%clk 00:23:08]} {[%emt 00:01:47]} Bxh6 {[%clk
00:30:30]} {[%emt 00:09:42]} 31. Qh5 {[%clk 00:23:30]} {[%emt 00:00:08]} Kg7
{[%clk 00:27:48]} {[%emt 00:03:12]} 32. Kg2 {[%clk 00:17:46]} {[%emt 00:06:14]}
g4 {[%clk 00:16:39]} {[%emt 00:11:40]} 33. Re1 {[%clk 00:17:41]} {[%emt
00:00:35]} Qe7 {[%clk 00:16:44]} {[%emt 00:00:25]} 34. Nxf5+ {[%clk 00:16:57]}
{[%emt 00:01:15]} Bxf5 {[%clk 00:17:07]} {[%emt 00:00:08]} 35. Qxf5 {[%clk
00:17:23]} {[%emt 00:00:03]} Rxc3 {[%clk 00:16:30]} {[%emt 00:01:08]} 36. Nd4
{[%clk 00:17:35]} {[%emt 00:00:18]} Rc4 {[%clk 00:11:40]} {[%emt 00:05:20]} 37.
Qd3 {[%clk 00:15:14]} {[%emt 00:02:50]} Kg8 {[%clk 00:09:58]} {[%emt 00:02:12]}
38. Nf5 {[%clk 00:06:16]} {[%emt 00:09:29]} Qe6 {[%clk 00:09:27]} {[%emt
00:01:01]} 39. Rh1 {[%clk 00:06:33]} {[%emt 00:00:13]} Bg7 {[%clk 00:06:41]}
{[%emt 00:03:16]} 40. Nxg7 {[%clk 00:03:12]} {[%emt 00:03:50]} Kxg7 {[%clk
00:06:50]} {[%emt 00:00:21]} 41. Qxh7+ {[%clk 00:03:39]} {[%emt 00:00:04]} Kf8
{[%clk 00:07:13]} {[%emt 00:00:07]} 42. Qh8+ {[%clk 00:02:33]} {[%emt
00:01:35]} Ke7 {[%clk 00:06:17]} {[%emt 00:01:27]} 43. Qb8 {[%clk 00:01:11]}
{[%emt 00:01:52]} Qd7 {[%clk 00:22:37]} {[%emt 00:14:10]} 44. Rh8 {[%clk
00:29:44]} {[%emt 00:01:57]} d4 {[%clk 00:22:44]} {[%emt 00:00:24]} 45. Re8+
{[%clk 00:29:50]} {[%emt 00:00:23]} 1-0